| 000 | 00695cam a2200193 i 4500 | ||
|---|---|---|---|
| 005 | 20251228093155.0 | ||
| 008 | 250721s1998 sy gr 000 0 ara d | ||
| 082 | 1 | 4 |
_a218.61 _bظ ب ي |
| 100 | 1 |
_aظبيات، نشأت _eمؤلف. |
|
| 245 | 1 | 2 |
_aالرد الشافي عن كتاب الكتاب و القرآن قراءة معاصرة / _cالدكتورة نشأة ظبيان. |
| 250 | _aالطبعة الأولى. | ||
| 264 | 3 | 1 |
_aدمشق : _bدار التقدم، _c1998. |
| 300 | _a160 صفحة. | ||
| 650 | 1 | 7 | _aالقرآن الكريم. |
| 650 | 1 | 7 | _aالمناظرات. |
| 650 | 1 | 7 | _aالدفاع عن الإسلام. |
| 942 |
_2ddc _cBK |
||
| 999 |
_c33352 _d33352 |
||